=LDR 00000nam 2200000 4500 =001 NUTBA000000000000413 =005 20140322120927.0 =006 =007 =008 =020 ##$$a 979-448-448-2 =035 ##$$a 0010-031400000000412 =082 ##$$a 42 =090 ##$$a 42 =100 ##$$a Monica Ester $c S.Kp $l Ind =245 ##$$a Anatomi Fisikologi =260 ##$$a Jakarta $b Yasmin Asih $c 1992